|
|
|
|
| LEADER |
00000nab a2200000 a 4500 |
| 001 |
vtls000644352 |
| 003 |
SK-MaSNL |
| 005 |
20260304094903.0 |
| 008 |
250425c1997 xo 0 slo |
| 015 |
|
|
|a SNBRB19rr/mm-uuuuu
|
| 035 |
|
|
|a CL0644491
|
| 035 |
|
|
|a urn:nbn:sk:snk-abbrbp
|
| 035 |
|
|
|a (urnnbn)urn:nbn:sk:snk:ar-0059hr
|
| 035 |
|
|
|a (uuid)fd29a4fa-1dfb-408e-ba47-20162f27364b
|
| 040 |
|
|
|a SNKBUCL
|b slo
|c SNKBUCL
|e AACR2
|
| 041 |
0 |
|
|a slo
|
| 044 |
|
|
|a xo
|c SK
|
| 080 |
|
|
|a 616.988-085
|2 1981
|
| 100 |
1 |
|
|a Bachorecová, A.
|4 aut
|9 1391679
|
| 245 |
1 |
0 |
|a Súčasné pespektívne prístupy k liečbe AIDS
|c A. Bachorecová, M. Pšenák
|
| 300 |
|
|
|b Obr. 3
|
| 650 |
0 |
7 |
|a AIDS
|2 snkbucl
|9 58580
|
| 655 |
|
7 |
|a články z novín a časopisov
|2 snkbucl
|9 267496
|
| 700 |
1 |
|
|a Pšenák, Mikuláš,
|d 1937-2015
|4 aut
|9 39378
|
| 773 |
0 |
|
|t Pharma journal
|g Roč. 7, č. 5 (1997), s. 160-162
|x 1335-0633
|
| 850 |
|
|
|a Slovenská národná knižnica
|
| 852 |
|
|
|a Slovenská národná knižnica
|
| 954 |
|
|
|a odborná, vedecká literatúra pôvodná (slovenská)
|2 lita
|
| 958 |
|
|
|a article15
|
| 958 |
|
|
|a MI
|
| 958 |
|
|
|a RK
|
| 958 |
|
|
|a OND
|
| 958 |
|
|
|a EUIPO
|
| 992 |
|
|
|a RBX
|
| 999 |
|
|
|c 2829494
|d 2831424
|